| 000 | 01057nam a2200217Ia 4500 | ||
|---|---|---|---|
| 999 |
_c41939 _d41939 |
||
| 001 | 8623 | ||
| 003 | GE_BSU | ||
| 005 | 20240524124125.0 | ||
| 008 | 181216s2009||||ge |||||||||||||| ||geo|| | ||
| 040 | _cGE_BSU | ||
| 041 | _ageo | ||
| 080 | _a517.2(075.8)=353.1+161.1 ნ-21 | ||
| 100 |
_aნაკაშიძე, გურამ _91514 |
||
| 245 |
_aუმაღლესი მათემატიკა : _bმოკლე თეორიული კურსი, სავარჯიშო ტესტები, სახელმძღვანელო / _cგურამ ნაკაშიძე ; რედ. იბრაიმ დიდმანიძე. |
||
| 264 |
_aბათუმი : _bპოლიგრაფისტი-1, _c2009. |
||
| 300 |
_a913 გვ. ; _c22 სმ. |
||
| 546 | _aქართულ და რუსულ ენაზე | ||
| 653 | _aუმაღლესი მათემატიკა | ||
| 700 |
_aდიდმანიძე, იბრაიმ _eრედაქტორი _91168 |
||
| 942 |
_cBK _2udc |
||